000 00787nam a2200241 4500
003 OSt
005 20240704031142.0
006 a
008 240704b |||||||| |||| 00| 0 eng d
020 _a9027233314
040 _aDWCL-Main lib.
_cOC
082 _aCirc. 809 C676 2002
245 _aCognitive stylistics : language and cognition in text analysis /
260 _aAmsterdam :
_bJohn Benjamins Pub. Co.,
_cc2002.
300 _axvi,
_b333 p. : ill. ;
_c22 cm.
504 _aIncludes bibliographical references and indexes.
650 _a1. Language and languages-Style-Psychological aspects.
650 _a2. Cognitive grammar.
650 _a3. Discourse analysis-Literary.
700 _aElena Semino
700 _aJonathan Culpeper
942 _2ddc
_n0
_cBK-CIRC
_kCirc.
999 _c1933
_d1933